000 00441nam a2200181Ia 4500
001 14142
005 20260306164852.0
008 260306t2013||||xx |||||||||||||| ||spa||
041 _aESP
082 _a509
_bK469
100 _aKoyré, Alexandre
_eAUT
245 0 _aEstudios de historia del pensamiento científico
260 _c2013
300 _a394 páginas :
_c21cm.
650 _aGEN
654 _aCCN
942 _cLIB
_dJUS
_fJUS
_2ddc
_n
999 _c14142
_d14142